|
|
|
|
| LEADER |
02282nam a2200577 a 4500 |
| 001 |
nkc20071706786 |
| 003 |
CZ PrNK |
| 005 |
20070528095236.0 |
| 007 |
ta |
| 008 |
070129s2006 xr ab e c 001 0dcze |
| 015 |
|
|
|a cnb001706786
|
| 020 |
|
|
|a 80-902956-7-3
|q (brož.)
|
| 035 |
|
|
|a (OCoLC)137330111
|
| 040 |
|
|
|a OLA001
|b cze
|
| 043 |
|
|
|a e-xr---
|b e-xr-sl
|b e-xr-mr
|2 czenas
|
| 045 |
|
|
|a v-x-
|
| 072 |
|
7 |
|a 398
|x Folklor. Lidové tradice
|2 Konspekt
|9 1
|
| 080 |
|
|
|a 069.5
|2 MRF
|
| 080 |
|
|
|a 398.332.416:745.5
|2 MRF
|
| 080 |
|
|
|a 745.5:688.72
|2 MRF
|
| 080 |
|
|
|a (437.326)
|2 MRF
|
| 080 |
|
|
|a (437.33)
|2 MRF
|
| 080 |
|
|
|a (437.32-17)
|2 MRF
|
| 080 |
|
|
|a (083.81)
|2 MRF
|
| 100 |
1 |
|
|a Málková, Květoslava,
|d 1976-
|7 mzk2007382170
|4 aut
|
| 245 |
1 |
0 |
|a Betlémové figurky a betlémy ze sbírek Muzea v Bruntále /
|c Květoslava Málková
|
| 260 |
|
|
|a V Bruntále :
|b Muzeum v Bruntále,
|c 2006
|
| 300 |
|
|
|a 146 s. :
|b il. (převážně barev.), mapy ;
|c 25 cm
|
| 504 |
|
|
|a Obsahuje bibliografie, bibliografické odkazy a rejstříky
|
| 610 |
2 |
7 |
|a Muzeum (Bruntál, Česko)
|7 kn20010709067
|2 czenas
|
| 648 |
|
7 |
|a 18.-20. století
|7 ch757019
|2 czenas
|
| 650 |
0 |
7 |
|a muzejní sbírky
|7 ph137908
|z Česko
|2 czenas
|
| 650 |
0 |
7 |
|a betlémy
|7 ph118817
|z Česko
|y 18.-20. století
|2 czenas
|
| 650 |
0 |
7 |
|a betlémové figurky
|7 ph388329
|z Česko
|y 18.-20. století
|2 czenas
|
| 650 |
0 |
9 |
|a museum collections
|z Czechia
|2 eczenas
|
| 650 |
0 |
9 |
|a crib in Christian art and tradition
|z Czechia
|y 18th-20th centuries
|2 eczenas
|
| 650 |
0 |
9 |
|a crib figures
|z Czechia
|y 18th-20th centuries
|2 eczenas
|
| 651 |
|
7 |
|a Bruntál (Česko)
|7 ge128839
|2 czenas
|
| 651 |
|
7 |
|a Slezsko (Česko)
|7 ge138041
|2 czenas
|
| 651 |
|
7 |
|a Morava severní (Česko)
|7 ge130074
|2 czenas
|
| 651 |
|
9 |
|a Bruntál (Czechia)
|2 eczenas
|
| 651 |
|
9 |
|a Silesia (Czechia)
|2 eczenas
|
| 651 |
|
9 |
|a Moravia, Northern (Czechia)
|2 eczenas
|
| 655 |
|
7 |
|a katalogy
|7 fd132535
|2 czenas
|
| 655 |
|
9 |
|a catalogs
|2 eczenas
|
| 856 |
4 |
1 |
|u http://www.digitalniknihovna.cz/mzk/uuid/uuid:0ee6fd80-8dac-11e7-ab56-005056827e51
|y Digitalizovaný dokument
|x NDK
|
| 910 |
2 |
|
|a BOA001
|b 3-1180.695
|
| 990 |
|
|
|a BK
|
| 995 |
|
|
|a 01
|
| 991 |
|
|
|b 200702
|c NOV
|
| 996 |
6 |
|
|b 2610300920
|c 3-1180.695
|l MZK
|r Sklad / do 1 hodiny
|n 3
|p p.v.
|w 000839631
|u 000010
|a 1
|e BOA001
|j MZK50
|s P
|